[Event "XXVI Miedzynarodowy Festiwal Szachowy im.Jozefa Dominika"]
[Site "Dobczyce"]
[Date "2018.07.14"]
[Round "6.3"]
[White "Szczurek, Krzysztof"]
[Black "Mirski, Michal"]
[Result "1-0"]
[BlackElo "1973"]
[WhiteElo "2136"]
[LiveChessVersion "1.4.8"]

1. e4 {[%clk 1:30:58]} c5 {[%clk 1:22:38]} 2. c3 {[%clk 1:31:21]} e6
{[%clk 1:22:15]} 3. d4 {[%clk 1:31:42]} d5 {[%clk 1:22:24]} 4. e5
{[%clk 1:31:22]} Nc6 {[%clk 1:21:51]} 5. Nf3 {[%clk 1:31:32]} Qb6
{[%clk 1:16:04]} 6. Bd3 {[%clk 1:28:03]} Bd7 {[%clk 1:15:36]} 7. dxc5
{[%clk 1:26:49]} Bxc5 {[%clk 1:13:46]} 8. O-O {[%clk 1:27:10]} h6
{[%clk 1:11:55]} 9. Nbd2 {[%clk 1:20:38]} g5 {[%clk 1:09:18]} 10. h3
{[%clk 1:20:18]} h5 {[%clk 1:02:49]} 11. b4 {[%clk 1:17:33]} Bxf2+
{[%clk 0:45:18]} 12. Rxf2 {[%clk 1:17:35]} g4 {[%clk 0:45:40]} 13. Nd4
{[%clk 1:17:29]} g3 {[%clk 0:38:37]} 14. Rf4 {[%clk 1:14:50]} Nxe5
{[%clk 0:37:00]} 15. N2f3 {[%clk 1:13:13]} f6 {[%clk 0:24:04]} 16. Nxe5
{[%clk 1:07:32]} fxe5 {[%clk 0:24:33]} 17. Bg6+ {[%clk 1:07:55]} Ke7
{[%clk 0:22:12]} 18. Rf7+ {[%clk 1:08:19]} Kd6 {[%clk 0:19:08]} 19. Be3
{[%clk 1:08:38]} Nh6 {[%clk 0:16:40]} 20. Nf5+ {[%clk 1:08:35]} exf5
{[%clk 0:16:41]} 21. Rxd7+ {[%clk 1:07:41]} Kxd7 {[%clk 0:17:05]} 22. Bxb6
{[%clk 1:08:07]} 1-0

[Event "XXVI Miedzynarodowy Festiwal Szachowy im.Jozefa Dominika"]
[Site "Dobczyce"]
[Date "2018.07.14"]
[Round "6.4"]
[White "Lewtak, Dominik"]
[Black "Tymrakiewicz, Rafal"]
[Result "1/2-1/2"]
[BlackElo "2218"]
[WhiteElo "2164"]
[LiveChessVersion "1.4.8"]

1. e4 {[%clk 1:30:57]} c6 {[%clk 1:28:18]} 2. Nc3 {[%clk 1:31:19]} d5
{[%clk 1:28:10]} 3. Nf3 {[%clk 1:31:41]} dxe4 {[%clk 1:25:22]} 4. Nxe4
{[%clk 1:32:04]} Nf6 {[%clk 1:25:19]} 5. Qe2 {[%clk 1:26:52]} Qd5
{[%clk 1:10:30]} 6. Nxf6+ {[%clk 1:22:31]} gxf6 {[%clk 1:10:38]} 7. c4
{[%clk 1:22:52]} Qh5 {[%clk 1:09:26]} 8. h3 {[%clk 1:20:33]} Rg8 {[%clk 0:46:42]}
9. d4 {[%clk 1:19:43]} Bg4 {[%clk 0:42:34]} 10. Bf4 {[%clk 1:14:53]} Bxf3
{[%clk 0:42:14]} 11. gxf3 {[%clk 1:14:18]} Nd7 {[%clk 0:38:11]} 12. O-O-O
{[%clk 1:13:29]} e5 {[%clk 0:31:59]} 13. h4 {[%clk 1:06:24]} O-O-O
{[%clk 0:25:47]} 14. dxe5 {[%clk 1:06:15]} Bh6 {[%clk 0:24:55]} 15. Bxh6
{[%clk 1:05:08]} Qxh6+ {[%clk 0:25:24]} 16. Kb1 {[%clk 1:05:28]} Nxe5
{[%clk 0:25:27]} 17. Bh3+ {[%clk 1:05:01]} Kc7 {[%clk 0:25:42]} 18. Qe4
{[%clk 1:04:33]} Qh5 {[%clk 0:22:52]} 19. Bg4 {[%clk 1:02:37]} Nxg4
{[%clk 0:21:53]} 20. Rxd8 {[%clk 1:01:09]} Rxd8 {[%clk 0:22:07]} 21. fxg4
{[%clk 1:01:24]} Qg6 {[%clk 0:14:29]} 22. Qxg6 {[%clk 1:01:47]} fxg6
{[%clk 0:13:44]} 23. Re1 {[%clk 1:01:51]} Rd4 {[%clk 0:10:29]} 24. Re7+
{[%clk 1:02:15]} Rd7 {[%clk 0:10:55]} 25. Re6 {[%clk 1:00:13]} Rd6
{[%clk 0:10:43]} 26. Re7+ {[%clk 1:00:35]} Rd7 {[%clk 0:11:08]} 27. Re6
{[%clk 1:00:16]} Rf7 {[%clk 0:10:45]} 28. f4 {[%clk 0:59:38]} f5 {[%clk 0:10:24]}
29. g5 {[%clk 0:59:47]} Kd7 {[%clk 0:10:45]} 30. Re3 {[%clk 0:59:13]} Re7
{[%clk 0:09:26]} 31. Rxe7+ {[%clk 0:59:29]} Kxe7 {[%clk 0:09:54]} 32. Kc2
{[%clk 0:59:53]} c5 {[%clk 0:06:57]} 33. Kd3 {[%clk 1:00:02]} Kd6
{[%clk 0:07:17]} 34. Kc3 {[%clk 0:59:56]} Kc6 {[%clk 0:07:37]} 35. Kd3
{[%clk 1:00:17]} Kb6 {[%clk 0:07:41]} 36. Kc3 {[%clk 1:00:12]} Ka5
{[%clk 0:07:14]} 37. b3 {[%clk 0:59:52]} a6 {[%clk 0:06:43]} 38. a3
{[%clk 0:59:45]} Kb6 {[%clk 0:06:36]} 39. Kd3 {[%clk 0:59:31]} Kc6
{[%clk 0:06:44]} 40. Kc2 {[%clk 0:58:27]} b6 {[%clk 0:06:31]} 41. Kc3
{[%clk 0:58:25]} Kd7 {[%clk 0:06:35]} 42. Kd2 {[%clk 0:58:44]} Ke8
{[%clk 0:06:57]} 43. Kc3 {[%clk 0:59:02]} Kd7 {[%clk 0:07:23]} 44. Kd2
{[%clk 0:59:26]} Kc6 {[%clk 0:07:45]} 1/2-1/2

[Event "XXVI Miedzynarodowy Festiwal Szachowy im.Jozefa Dominika"]
[Site "Dobczyce"]
[Date "2018.07.14"]
[Round "6.5"]
[White "Golenia, Wojciech"]
[Black "Kozak, Antoni"]
[Result "1-0"]
[BlackElo "2208"]
[WhiteElo "1984"]
[LiveChessVersion "1.4.8"]

1. d4 {[%clk 1:30:47]} Nf6 {[%clk 1:30:53]} 2. Bg5 {[%clk 1:31:10]} Ne4
{[%clk 1:31:14]} 3. Bf4 {[%clk 1:31:35]} c5 {[%clk 1:31:37]} 4. f3
{[%clk 1:32:02]} Qa5+ {[%clk 1:31:58]} 5. c3 {[%clk 1:32:27]} Nf6
{[%clk 1:32:24]} 6. d5 {[%clk 1:32:42]} Qb6 {[%clk 1:32:29]} 7. e4
{[%clk 1:33:06]} Qxb2 {[%clk 1:32:09]} 8. Nd2 {[%clk 1:33:14]} Qxc3
{[%clk 1:32:11]} 9. Bc7 {[%clk 1:33:37]} d6 {[%clk 1:31:30]} 10. Rb1
{[%clk 1:29:56]} Qe3+ {[%clk 1:24:42]} 11. Ne2 {[%clk 1:23:28]} Nbd7
{[%clk 1:19:22]} 12. Nc4 {[%clk 1:12:45]} Qh6 {[%clk 1:19:45]} 13. Qa4
{[%clk 1:11:51]} 1-0

[Event "XXVI Miedzynarodowy Festiwal Szachowy im.Jozefa Dominika"]
[Site "Dobczyce"]
[Date "2018.07.14"]
[Round "6.6"]
[White "Kucharski, Bartlomiej"]
[Black "Kuciel, Wladyslaw"]
[Result "0-1"]
[BlackElo "1963"]
[WhiteElo "1861"]
[LiveChessVersion "1.4.8"]

1. e4 {[%clk 1:30:53]} c5 {[%clk 1:30:55]} 2. Nf3 {[%clk 1:31:14]} e6
{[%clk 1:31:08]} 3. d3 {[%clk 1:31:36]} Nc6 {[%clk 1:31:18]} 4. g3
{[%clk 1:31:39]} g6 {[%clk 1:31:22]} 5. Bg2 {[%clk 1:31:59]} Bg7 {[%clk 1:31:44]}
6. O-O {[%clk 1:31:36]} Nge7 {[%clk 1:31:56]} 7. Re1 {[%clk 1:31:23]} O-O
{[%clk 1:32:08]} 8. Nbd2 {[%clk 1:30:26]} d5 {[%clk 1:31:06]} 9. e5
{[%clk 1:30:11]} b5 {[%clk 1:26:11]} 10. Nf1 {[%clk 1:28:43]} f6 {[%clk 1:20:13]}
11. Bf4 {[%clk 1:26:28]} fxe5 {[%clk 1:17:22]} 12. Nxe5 {[%clk 1:26:19]} Nxe5
{[%clk 1:17:12]} 13. Bxe5 {[%clk 1:26:42]} Bxe5 {[%clk 1:17:23]} 14. Rxe5
{[%clk 1:27:09]} Nc6 {[%clk 1:17:12]} 15. Re2 {[%clk 1:20:51]} Bd7
{[%clk 1:13:10]} 16. f4 {[%clk 1:09:45]} Qf6 {[%clk 1:11:05]} 17. c3
{[%clk 1:10:02]} Kg7 {[%clk 1:08:33]} 18. Nd2 {[%clk 0:59:39]} e5
{[%clk 1:01:30]} 19. Bxd5 {[%clk 0:36:43]} exf4 {[%clk 0:58:54]} 20. Ne4
{[%clk 0:31:54]} Qe5 {[%clk 0:57:58]} 21. Bxc6 {[%clk 0:31:47]} Bxc6
{[%clk 0:58:14]} 22. gxf4 {[%clk 0:13:20]} Rxf4 {[%clk 0:57:38]} 23. Ng3
{[%clk 0:13:35]} Qd6 {[%clk 0:53:50]} 24. Qd2 {[%clk 0:13:30]} Rg4
{[%clk 0:51:06]} 25. Re3 {[%clk 0:10:55]} Qd5 {[%clk 0:49:52]} 26. Re4
{[%clk 0:11:07]} Rxe4 {[%clk 0:48:30]} 27. Nxe4 {[%clk 0:11:30]} c4
{[%clk 0:47:07]} 28. Qg5 {[%clk 0:10:31]} Qxg5+ {[%clk 0:43:57]} 29. Nxg5
{[%clk 0:11:00]} cxd3 {[%clk 0:44:06]} 30. Rd1 {[%clk 0:10:41]} Re8
{[%clk 0:33:57]} 31. Rxd3 {[%clk 0:10:15]} h6 {[%clk 0:34:12]} 32. Rd6
{[%clk 0:09:55]} Ba8 {[%clk 0:31:45]} 33. Ne6+ {[%clk 0:08:52]} Kf7
{[%clk 0:32:14]} 34. Nc7 {[%clk 0:08:42]} Rb8 {[%clk 0:30:12]} 35. Nxa8
{[%clk 0:02:16]} Rxa8 {[%clk 0:30:41]} 36. Rd5 {[%clk 0:02:38]} a6
{[%clk 0:30:50]} 37. Rd6 {[%clk 0:02:59]} a5 {[%clk 0:30:07]} 38. Rb6
{[%clk 0:02:32]} b4 {[%clk 0:30:36]} 39. c4 {[%clk 0:02:52]} Rc8 {[%clk 0:29:09]}
40. b3 {[%clk 0:02:32]} Rd8 {[%clk 0:29:35]} 41. Kf2 {[%clk 0:01:22]} Rd2+
{[%clk 0:29:55]} 42. Ke3 {[%clk 0:00:36]} Rxa2 {[%clk 0:30:14]} 43. Ra6
{[%clk 0:00:52]} Rxh2 {[%clk 0:30:15]} 44. Rxa5 {[%clk 0:01:17]} Rh3+
{[%clk 0:30:30]} 45. Kf4 {[%clk 0:00:45]} Rxb3 {[%clk 0:30:52]} 46. Ra7+
{[%clk 0:01:09]} Ke8 {[%clk 0:28:03]} 47. Ra6 {[%clk 0:00:38]} Rc3
{[%clk 0:28:03]} 48. Rxg6 {[%clk 0:00:37]} Rxc4+ {[%clk 0:28:28]} 49. Kg3
{[%clk 0:00:36]} h5 {[%clk 0:28:39]} 50. Rg7 {[%clk 0:00:34]} Rg4+
{[%clk 0:28:57]} 0-1

[Event "XXVI Miedzynarodowy Festiwal Szachowy im.Jozefa Dominika"]
[Site "Dobczyce"]
[Date "2018.07.14"]
[Round "6.7"]
[White "Slabek, Grzegorz"]
[Black "Watorek, Marcin"]
[Result "0-1"]
[BlackElo "2113"]
[WhiteElo "1971"]
[LiveChessVersion "1.4.8"]

1. Nf3 {[%clk 1:30:59]} d5 {[%clk 1:26:17]} 2. d4 {[%clk 1:27:54]} c5
{[%clk 1:26:29]} 3. e3 {[%clk 1:28:15]} Nc6 {[%clk 1:26:38]} 4. Be2
{[%clk 1:28:39]} Bg4 {[%clk 1:26:34]} 5. O-O {[%clk 1:28:48]} e6 {[%clk 1:26:55]}
6. h3 {[%clk 1:27:56]} Bh5 {[%clk 1:27:18]} 7. a3 {[%clk 1:28:11]} Nf6
{[%clk 1:27:12]} 8. dxc5 {[%clk 1:28:29]} Bxc5 {[%clk 1:27:36]} 9. b4
{[%clk 1:28:54]} Bd6 {[%clk 1:27:42]} 10. Bb2 {[%clk 1:29:23]} O-O
{[%clk 1:28:09]} 11. Nbd2 {[%clk 1:29:42]} Rc8 {[%clk 1:24:09]} 12. c4
{[%clk 1:28:00]} Bb8 {[%clk 1:22:39]} 13. c5 {[%clk 1:28:14]} Re8
{[%clk 1:19:02]} 14. Nd4 {[%clk 1:25:51]} Bxe2 {[%clk 1:17:46]} 15. Qxe2
{[%clk 1:26:13]} e5 {[%clk 1:11:58]} 16. Nxc6 {[%clk 1:25:36]} Rxc6
{[%clk 1:12:17]} 17. Nb3 {[%clk 1:25:11]} Qc7 {[%clk 1:10:07]} 18. b5
{[%clk 1:21:50]} Rce6 {[%clk 1:09:30]} 19. Rac1 {[%clk 1:18:56]} Ne4
{[%clk 1:05:39]} 20. Rfd1 {[%clk 1:12:53]} d4 {[%clk 1:04:33]} 21. Qc2
{[%clk 1:09:36]} Ng5 {[%clk 0:51:15]} 22. e4 {[%clk 1:03:55]} Rg6
{[%clk 0:50:14]} 23. Kf1 {[%clk 1:03:49]} Ne6 {[%clk 0:45:07]} 24. Rd3
{[%clk 1:02:51]} Nf4 {[%clk 0:44:58]} 25. Rg3 {[%clk 1:02:05]} d3
{[%clk 0:43:33]} 26. Qd2 {[%clk 0:59:39]} Rxg3 {[%clk 0:40:56]} 27. fxg3
{[%clk 0:59:48]} Ne2 {[%clk 0:41:23]} 28. Re1 {[%clk 0:59:33]} Rd8
{[%clk 0:38:42]} 29. Qe3 {[%clk 0:57:44]} Qe7 {[%clk 0:37:28]} 30. Rd1
{[%clk 0:57:56]} Qd7 {[%clk 0:29:53]} 31. a4 {[%clk 0:57:42]} f5 {[%clk 0:29:15]}
32. c6 {[%clk 0:57:23]} bxc6 {[%clk 0:26:41]} 33. Nc5 {[%clk 0:55:40]} Qf7
{[%clk 0:26:00]} 34. Ke1 {[%clk 0:53:48]} f4 {[%clk 0:24:40]} 35. Qf3
{[%clk 0:53:16]} Qc4 {[%clk 0:17:13]} 36. Rxd3 {[%clk 0:52:22]} Nd4
{[%clk 0:17:02]} 37. Bxd4 {[%clk 0:51:19]} exd4 {[%clk 0:16:52]} 38. Nb3
{[%clk 0:49:02]} cxb5 {[%clk 0:15:01]} 39. axb5 {[%clk 0:48:59]} fxg3
{[%clk 0:14:54]} 40. Nd2 {[%clk 0:48:49]} Qxb5 {[%clk 0:14:47]} 41. Rb3
{[%clk 0:48:54]} Qc6 {[%clk 0:14:48]} 42. Rb1 {[%clk 0:48:50]} d3
{[%clk 0:12:32]} 43. Qe3 {[%clk 0:48:07]} a5 {[%clk 0:12:02]} 44. Qg5
{[%clk 0:47:27]} Rc8 {[%clk 0:11:27]} 45. Qd5+ {[%clk 0:47:16]} Qxd5
{[%clk 0:11:44]} 46. exd5 {[%clk 0:47:45]} Bf4 {[%clk 0:12:02]} 47. Nf3
{[%clk 0:46:35]} Rc2 {[%clk 0:12:00]} 48. Nd4 {[%clk 0:46:34]} Rxg2
{[%clk 0:12:04]} 49. Kf1 {[%clk 0:46:51]} Rc2 {[%clk 0:09:47]} 50. Nf5
{[%clk 0:45:50]} d2 {[%clk 0:09:16]} 51. Rd1 {[%clk 0:44:55]} Rc1
{[%clk 0:09:35]} 52. Ke2 {[%clk 0:45:02]} Rxd1 {[%clk 0:09:52]} 53. Kxd1
{[%clk 0:45:25]} g2 {[%clk 0:10:20]} 0-1

[Event "XXVI Miedzynarodowy Festiwal Szachowy im.Jozefa Dominika"]
[Site "Dobczyce"]
[Date "2018.07.14"]
[Round "6.8"]
[White "Marzec, Karol"]
[Black "Kawula, Andrzej"]
[Result "1-0"]
[BlackElo "1848"]
[WhiteElo "2006"]
[LiveChessVersion "1.4.8"]

1. e4 {[%clk 1:30:55]} e6 {[%clk 1:30:47]} 2. d4 {[%clk 1:31:16]} d5
{[%clk 1:31:13]} 3. Nd2 {[%clk 1:31:38]} Nf6 {[%clk 1:31:31]} 4. e5
{[%clk 1:31:58]} Nfd7 {[%clk 1:31:53]} 5. Bd3 {[%clk 1:32:16]} c5
{[%clk 1:32:18]} 6. c3 {[%clk 1:32:34]} Nc6 {[%clk 1:32:36]} 7. Ne2
{[%clk 1:32:49]} cxd4 {[%clk 1:31:47]} 8. cxd4 {[%clk 1:33:01]} f5
{[%clk 1:27:51]} 9. exf6 {[%clk 1:32:28]} Nxf6 {[%clk 1:27:36]} 10. O-O
{[%clk 1:32:30]} Bd6 {[%clk 1:28:02]} 11. Nf3 {[%clk 1:32:32]} O-O
{[%clk 1:28:28]} 12. Bf4 {[%clk 1:29:27]} Ng4 {[%clk 1:25:14]} 13. Bxd6
{[%clk 1:28:04]} Qxd6 {[%clk 1:25:31]} 14. Ng3 {[%clk 1:27:43]} e5
{[%clk 1:24:37]} 15. dxe5 {[%clk 1:27:14]} Ncxe5 {[%clk 1:24:42]} 16. Nxe5
{[%clk 1:27:18]} Qxe5 {[%clk 1:24:33]} 17. Qc2 {[%clk 1:26:23]} h5
{[%clk 1:17:01]} 18. Rae1 {[%clk 1:20:01]} Qg5 {[%clk 1:15:34]} 19. h3
{[%clk 1:18:19]} Nf6 {[%clk 1:14:57]} 20. Qc1 {[%clk 1:16:56]} Qh4
{[%clk 1:06:57]} 21. Re5 {[%clk 1:13:27]} Qd4 {[%clk 0:59:05]} 22. Qc3
{[%clk 1:12:10]} Qxc3 {[%clk 0:53:28]} 23. bxc3 {[%clk 1:11:35]} h4
{[%clk 0:47:12]} 24. Nh5 {[%clk 1:10:45]} Nxh5 {[%clk 0:38:15]} 25. Rxh5
{[%clk 1:10:54]} Be6 {[%clk 0:37:06]} 26. Rxh4 {[%clk 1:10:29]} Rac8
{[%clk 0:34:49]} 27. Re1 {[%clk 1:08:53]} Rf6 {[%clk 0:33:21]} 28. Re3
{[%clk 1:06:17]} g6 {[%clk 0:31:56]} 29. Be2 {[%clk 1:02:07]} Kg7
{[%clk 0:28:44]} 30. Bf3 {[%clk 1:00:44]} Rc5 {[%clk 0:25:10]} 31. Ra4
{[%clk 0:55:51]} a6 {[%clk 0:23:48]} 32. Rb4 {[%clk 0:55:23]} b5 {[%clk 0:17:56]}
33. Rd4 {[%clk 0:53:53]} Bf7 {[%clk 0:17:52]} 34. Red3 {[%clk 0:49:01]} Rfc6
{[%clk 0:17:11]} 35. Bxd5 {[%clk 0:49:10]} Bxd5 {[%clk 0:17:28]} 36. Rxd5
{[%clk 0:49:26]} Rxd5 {[%clk 0:17:42]} 37. Rxd5 {[%clk 0:49:47]} Rxc3
{[%clk 0:18:09]} 38. Rd2 {[%clk 0:47:56]} b4 {[%clk 0:18:15]} 39. Kh2
{[%clk 0:47:31]} a5 {[%clk 0:18:40]} 40. Rb2 {[%clk 0:46:35]} Kf6
{[%clk 0:19:02]} 41. f3 {[%clk 0:46:04]} Kf5 {[%clk 0:19:27]} 42. Kg3
{[%clk 0:46:15]} Rc4 {[%clk 0:19:29]} 43. h4 {[%clk 0:46:01]} a4 {[%clk 0:19:21]}
44. Rd2 {[%clk 0:45:03]} b3 {[%clk 0:17:28]} 45. axb3 {[%clk 0:44:37]} axb3
{[%clk 0:17:57]} 46. Rd5+ {[%clk 0:44:33]} Kf6 {[%clk 0:18:06]} 47. Rb5
{[%clk 0:44:33]} Rc3 {[%clk 0:18:35]} 48. h5 {[%clk 0:38:26]} g5 {[%clk 0:16:10]}
49. Rb6+ {[%clk 0:36:46]} Kf5 {[%clk 0:14:30]} 50. h6 {[%clk 0:36:22]} Rc4
{[%clk 0:14:00]} 51. Rxb3 {[%clk 0:35:24]} Kg6 {[%clk 0:13:16]} 52. Rb6+
{[%clk 0:35:01]} Kh7 {[%clk 0:13:34]} 53. Rf6 {[%clk 0:34:15]} Rh4
{[%clk 0:13:45]} 54. f4 {[%clk 0:31:38]} Rxh6 {[%clk 0:10:00]} 55. Rxh6+
{[%clk 0:30:37]} Kxh6 {[%clk 0:10:29]} 56. f5 {[%clk 0:30:52]} Kh5
{[%clk 0:10:23]} 57. Kf3 {[%clk 0:30:57]} g4+ {[%clk 0:09:30]} 58. Kf4
{[%clk 0:31:17]} g3 {[%clk 0:09:55]} 59. Ke5 {[%clk 0:31:35]} Kg5
{[%clk 0:09:19]} 60. f6 {[%clk 0:31:55]} 1-0

[Event "XXVI Miedzynarodowy Festiwal Szachowy im.Jozefa Dominika"]
[Site "Dobczyce"]
[Date "2018.07.14"]
[Round "6.9"]
[White "Cisek, Kamil"]
[Black "Mirowska, Oliwia"]
[Result "1-0"]
[BlackElo "1429"]
[WhiteElo "1726"]
[LiveChessVersion "1.4.8"]

1. d4 {[%clk 1:30:37]} d6 {[%clk 1:30:44]} 2. Nf3 {[%clk 1:30:37]} f5
{[%clk 1:30:50]} 3. g3 {[%clk 1:29:38]} g6 {[%clk 1:30:52]} 4. b3
{[%clk 1:28:13]} Nf6 {[%clk 1:31:00]} 5. Bg2 {[%clk 1:28:12]} Bg7
{[%clk 1:30:08]} 6. Bb2 {[%clk 1:28:20]} O-O {[%clk 1:29:54]} 7. e3
{[%clk 1:28:15]} c6 {[%clk 1:28:05]} 8. O-O {[%clk 1:27:26]} Nbd7
{[%clk 1:27:40]} 9. c4 {[%clk 1:26:12]} Qe8 {[%clk 1:25:45]} 10. Nc3
{[%clk 1:18:28]} a6 {[%clk 1:19:57]} 11. Ng5 {[%clk 1:09:26]} Nb8
{[%clk 1:15:40]} 12. Nf3 {[%clk 0:54:11]} Nbd7 {[%clk 1:12:33]} 13. a4
{[%clk 0:53:24]} e5 {[%clk 1:11:28]} 14. dxe5 {[%clk 0:52:57]} dxe5
{[%clk 1:11:30]} 15. Ba3 {[%clk 0:51:20]} c5 {[%clk 1:09:52]} 16. Nd5
{[%clk 0:50:36]} Nxd5 {[%clk 0:58:54]} 17. Qxd5+ {[%clk 0:50:56]} Kh8
{[%clk 0:55:18]} 18. Bxc5 {[%clk 0:50:14]} Nxc5 {[%clk 0:53:42]} 19. Qxc5
{[%clk 0:50:39]} Bd7 {[%clk 0:53:43]} 20. Rad1 {[%clk 0:48:17]} Bc6
{[%clk 0:52:50]} 21. Rd2 {[%clk 0:44:22]} Rc8 {[%clk 0:45:58]} 22. Qa5
{[%clk 0:39:52]} Qe7 {[%clk 0:39:33]} 23. Rfd1 {[%clk 0:37:54]} Bf6
{[%clk 0:37:38]} 24. Ne1 {[%clk 0:33:40]} e4 {[%clk 0:36:41]} 25. Nc2
{[%clk 0:32:58]} Qf7 {[%clk 0:33:08]} 26. Nd4 {[%clk 0:32:13]} Rfd8
{[%clk 0:28:27]} 27. Bf1 {[%clk 0:23:38]} Re8 {[%clk 0:24:41]} 28. b4
{[%clk 0:17:50]} Re5 {[%clk 0:22:48]} 29. b5 {[%clk 0:17:38]} axb5
{[%clk 0:20:46]} 30. axb5 {[%clk 0:17:50]} Be8 {[%clk 0:19:24]} 31. Nb3
{[%clk 0:13:02]} Bxb5 {[%clk 0:13:26]} 32. cxb5 {[%clk 0:13:23]} Qxb3
{[%clk 0:13:45]} 33. Qb6 {[%clk 0:13:34]} Rf8 {[%clk 0:10:12]} 34. Qxb7
{[%clk 0:12:47]} Re7 {[%clk 0:10:20]} 35. Rd7 {[%clk 0:12:39]} Rff7
{[%clk 0:10:14]} 36. Qc8+ {[%clk 0:09:24]} Kg7 {[%clk 0:10:27]} 37. Rxe7
{[%clk 0:05:47]} Rxe7 {[%clk 0:10:51]} 38. Rd6 {[%clk 0:05:13]} Bg5
{[%clk 0:09:30]} 39. Qc5 {[%clk 0:03:39]} Bf6 {[%clk 0:08:39]} 40. b6
{[%clk 0:02:57]} Rb7 {[%clk 0:06:04]} 41. Qc6 {[%clk 0:02:50]} Rf7
{[%clk 0:06:11]} 42. Bc4 {[%clk 0:01:59]} Qb1+ {[%clk 0:05:45]} 43. Kg2
{[%clk 0:02:24]} Re7 {[%clk 0:05:11]} 44. Rxf6 {[%clk 0:02:12]} Qd1
{[%clk 0:05:30]} 45. Qd6 {[%clk 0:01:57]} 1-0

[Event "XXVI Miedzynarodowy Festiwal Szachowy im.Jozefa Dominika"]
[Site "Dobczyce"]
[Date "2018.07.14"]
[Round "7.1"]
[White "Mis, Mieszko"]
[Black "Tymrakiewicz, Rafal"]
[Result "1/2-1/2"]
[BlackElo "2218"]
[WhiteElo "2291"]
[LiveChessVersion "1.4.8"]

1. Nf3 {[%clk 1:30:56]} Nf6 {[%clk 1:29:44]} 2. c4 {[%clk 1:31:16]} g6
{[%clk 1:30:05]} 3. b4 {[%clk 1:31:36]} Bg7 {[%clk 1:30:04]} 4. Bb2
{[%clk 1:32:02]} O-O {[%clk 1:29:58]} 5. g3 {[%clk 1:31:30]} d6 {[%clk 1:26:12]}
6. Bg2 {[%clk 1:31:32]} e5 {[%clk 1:26:04]} 7. d3 {[%clk 1:30:58]} Nh5
{[%clk 1:21:41]} 8. Qb3 {[%clk 1:25:14]} h6 {[%clk 1:20:45]} 9. Nbd2
{[%clk 1:24:08]} Qe7 {[%clk 1:16:37]} 10. Rc1 {[%clk 1:19:57]} g5
{[%clk 1:14:00]} 11. e4 {[%clk 1:16:02]} Bf6 {[%clk 1:02:42]} 12. h3
{[%clk 1:10:42]} Ng7 {[%clk 0:54:35]} 13. Nf1 {[%clk 1:10:32]} h5
{[%clk 0:54:34]} 14. Ne3 {[%clk 1:10:22]} c6 {[%clk 0:51:44]} 15. c5
{[%clk 1:05:53]} dxc5 {[%clk 0:47:29]} 16. bxc5 {[%clk 1:04:07]} Be6
{[%clk 0:44:02]} 17. Qc2 {[%clk 1:00:05]} Nd7 {[%clk 0:42:27]} 18. O-O
{[%clk 0:58:44]} Rfd8 {[%clk 0:37:45]} 19. Rfd1 {[%clk 0:55:43]} g4
{[%clk 0:33:21]} 20. hxg4 {[%clk 0:55:55]} hxg4 {[%clk 0:33:03]} 21. Nh2
{[%clk 0:54:36]} Bg5 {[%clk 0:33:06]} 22. d4 {[%clk 0:52:34]} exd4
{[%clk 0:28:31]} 23. Bxd4 {[%clk 0:52:48]} Bxe3 {[%clk 0:24:49]} 24. Bxe3
{[%clk 0:53:02]} Ne5 {[%clk 0:24:19]} 25. Bd4 {[%clk 0:51:46]} f6
{[%clk 0:17:32]} 26. Qc3 {[%clk 0:50:06]} Qc7 {[%clk 0:16:12]} 27. Qe3
{[%clk 0:45:30]} Kf7 {[%clk 0:14:45]} 28. Qe2 {[%clk 0:41:51]} Rh8
{[%clk 0:14:01]} 29. Rb1 {[%clk 0:41:12]} Rab8 {[%clk 0:13:01]} 30. Bc3
{[%clk 0:40:21]} b6 {[%clk 0:12:16]} 31. cxb6 {[%clk 0:35:14]} axb6
{[%clk 0:12:18]} 32. f4 {[%clk 0:35:17]} gxf3 {[%clk 0:11:57]} 33. Nxf3
{[%clk 0:35:41]} Nxf3+ {[%clk 0:06:10]} 34. Qxf3 {[%clk 0:36:05]} Rh6
{[%clk 0:05:20]} 35. Bd2 {[%clk 0:35:24]} Rg6 {[%clk 0:05:12]} 36. Bf4
{[%clk 0:35:43]} Qa7 {[%clk 0:05:23]} 37. Bxb8 {[%clk 0:35:52]} Qxb8
{[%clk 0:05:52]} 38. Qf4 {[%clk 0:33:40]} Qa7 {[%clk 0:05:27]} 39. Qf2
{[%clk 0:33:31]} Qa3 {[%clk 0:02:03]} 40. Qxb6 {[%clk 0:30:38]} Rxg3
{[%clk 0:02:20]} 41. Rb3 {[%clk 0:23:10]} Rxb3 {[%clk 0:00:59]} 42. axb3
{[%clk 0:23:29]} Qxb3 {[%clk 0:01:08]} 43. Qxb3 {[%clk 0:18:28]} Bxb3
{[%clk 0:01:37]} 44. Rd6 {[%clk 0:18:52]} c5 {[%clk 0:00:44]} 45. Kf2
{[%clk 0:18:43]} Ne6 {[%clk 0:00:35]} 46. Bh3 {[%clk 0:18:42]} Ke7
{[%clk 0:00:38]} 47. Rc6 {[%clk 0:18:53]} Ng5 {[%clk 0:00:59]} 48. Bf5
{[%clk 0:18:55]} c4 {[%clk 0:00:41]} 49. Ke3 {[%clk 0:19:12]} Nf7
{[%clk 0:00:32]} 50. Re6+ {[%clk 0:19:06]} Kd8 {[%clk 0:00:36]} 51. Rxf6
{[%clk 0:19:23]} c3 {[%clk 0:01:04]} 52. Rc6 {[%clk 0:18:05]} c2 {[%clk 0:01:19]}
53. Kf4 {[%clk 0:10:22]} Nd6 {[%clk 0:01:02]} 54. e5 {[%clk 0:09:56]} Nxf5
{[%clk 0:00:36]} 55. Kxf5 {[%clk 0:10:21]} Kd7 {[%clk 0:00:41]} 56. Rc3
{[%clk 0:08:35]} Ke7 {[%clk 0:01:10]} 57. Kf4 {[%clk 0:06:44]} Ba4
{[%clk 0:00:40]} 58. Ke4 {[%clk 0:06:01]} Be8 {[%clk 0:00:32]} 59. Kf5
{[%clk 0:04:22]} Bd7+ {[%clk 0:00:39]} 60. Kf4 {[%clk 0:04:01]} Ba4
{[%clk 0:01:06]} 61. Ke3 {[%clk 0:04:28]} Ke6 {[%clk 0:01:20]} 62. Kd4
{[%clk 0:04:44]} Bb3 {[%clk 0:01:26]} 63. Rc6+ {[%clk 0:05:04]} Kd7
{[%clk 0:01:25]} 64. Rc5 {[%clk 0:04:28]} Ke6 {[%clk 0:01:37]} 65. Ke3
{[%clk 0:00:56]} c1=Q+ {[%clk 0:01:26]} 66. Rxc1 {[%clk 0:01:24]} Kxe5
{[%clk 0:01:50]} 67. Rc5+ {[%clk 0:01:44]} Kf6 {[%clk 0:01:49]} 68. Ke4
{[%clk 0:02:05]} Ba2 {[%clk 0:01:43]} 69. Rc6+ {[%clk 0:01:48]} Kg7
{[%clk 0:01:53]} 70. Kf5 {[%clk 0:02:13]} Bb3 {[%clk 0:01:09]} 71. Rc7+
{[%clk 0:02:36]} Kh8 {[%clk 0:01:17]} 72. Kg6 {[%clk 0:02:35]} Ba2
{[%clk 0:00:51]} 73. Rb7 {[%clk 0:02:31]} Bc4 {[%clk 0:01:09]} 74. Rb4
{[%clk 0:01:31]} Bd5 {[%clk 0:00:51]} 75. Rb5 {[%clk 0:01:13]} Bc4
{[%clk 0:00:55]} 76. Rb8+ {[%clk 0:01:05]} Bg8 {[%clk 0:01:23]} 77. Rb4
{[%clk 0:00:59]} Bd5 {[%clk 0:01:10]} 78. Rh4+ {[%clk 0:01:05]} Kg8
{[%clk 0:01:39]} 79. Rd4 {[%clk 0:01:32]} Bf7+ {[%clk 0:01:58]} 80. Kf6 1/2-1/2

[Event "XXVI Miedzynarodowy Festiwal Szachowy im.Jozefa Dominika"]
[Site "Dobczyce"]
[Date "2018.07.14"]
[Round "7.2"]
[White "Golenia, Wojciech"]
[Black "Kasperek, Ryszard"]
[Result "1/2-1/2"]
[BlackElo "2156"]
[WhiteElo "1984"]
[LiveChessVersion "1.4.8"]

1. d4 Nf6 2. Bg5 c5 3. Nc3 Qb6 4. Bxf6 gxf6 5. Nd5 Qd8 6. dxc5 e6 7. Nc3 b6 8. e4
bxc5 9. Bb5 Qb6 10. Nge2 Nc6 11. O-O Nd4 12. a4 a6 13. a5 Qd6 14. Bc4 Bb7 15. Qd3
f5 16. Rfd1 Rg8 17. f3 fxe4 18. Nxe4 1/2-1/2